000 00374nam a2200157Ia 4500
008 210210b1855 xxu||||| |||| 00| 0 eng d
041 _aeng
082 _a829/1114
100 _aTHACKERAY (W M)
245 _aVanity fair
260 _aLondon
_bThomas Nelson and Sons Limited
_c1855
650 _aVanity
650 _afair
690 _aEnglish Fiction
906 _a017726
999 _c137710
_d137710